The ESRI guide to GIS analysis / (Registro nro. 2694)
[ vista simple ]
| 000 -CABECERA | |
|---|---|
| Campo de control | 00910cam a2200253 a 4500 |
| 005 - FECHA Y HORA DE LA ULTIMA TRANSACCION | |
| Campo de control | 20180803165029.0 |
| 008 - ELEMENTOS DE LONGITUD FIJA—INFORMACION GENERAL | |
| Campo de control | 040909m19992012cauab b 001 0 eng |
| 020 ## - ISBN | |
| ISBN | 187910206 |
| 040 ## - FUENTE DE CATALOGACIÓN | |
| Agencia catalogadora original | DLC |
| Agencia transcriptora | DLC |
| Agencia Modificadora | DLC |
| -- | CO-BoIAVH |
| 041 0# - IDIOMA | |
| Código de idioma para texto/pista de sonido o título separado | Inglés |
| 044 ## - PAÍS DE PUBLICACIÓN | |
| País de publicación | Estados Unidos |
| 082 00 - NUMERO DE CLASIFICACION DECIMAL DEWEY | |
| Número de clasificación | 910.285 |
| Número del ítem | M68e |
| 100 1# - ASIENTO PRINCIPAL--NOMBRE PERSONAL | |
| Nombre personal | Mitchell, Andy |
| Títulos u otras palabras asociadas al nombre | (Technical writer) |
| Término relacionado | autor |
| 9 (RLIN) | 66948 |
| 245 14 - MENCION DE TITULO | |
| Título | The ESRI guide to GIS analysis / |
| Mención de responsabilidad | Andy Mitchell. |
| 250 ## - MENCION DE EDICION | |
| Mención de edición | Primera edición |
| 260 ## - PUBLICACION, DISTRIBUCION, ETC. (PIE DE IMPRENTA) | |
| Lugar de publicación, distribución, etc. | Redlands, Calif. : |
| Nombre del editor, distribuidor, etc. | ESRI, |
| Fecha de publicación, distribución, etc. | 1999-c2012. |
| 300 ## - DESCRIPCION FISICA | |
| Extensión | 3 volúmenes : |
| Otros detalles físicos | ilustraciones a color y mapas a color ; |
| Dimensiones | 23 x 19 centímetros |
| 504 ## - NOTA DE BIBLIOGRAFIA, ETC. | |
| Nota de bibliografía | Incluye referencias bibliográficas. |
| 505 0# - NOTA DE CONTENIDO | |
| Nota de contenido | Vol 1. Geographic patterns & relationships |
| 650 16 - ASIENTO SECUNDARIO DE MATERIA - TERMINO TEMATICO | |
| Término temático o nombre geográfico como elemento de entrada | Sistemas de información geográfica |
| 9 (RLIN) | 92253 |
| 650 24 - ASIENTO SECUNDARIO DE MATERIA - TERMINO TEMATICO | |
| Término temático o nombre geográfico como elemento de entrada | Geografía |
| Subdivisión general | patrones |
| 9 (RLIN) | 66950 |
| 710 2# - ASIENTO SECUNDARIO - NOMBRE CORPORATIVO | |
| Nombre corporativo o de jurisdicción como elemento de entrada | Environmental Systems Research Institute (Redlands, Calif.) |
| 9 (RLIN) | 51684 |
| 942 ## - ELEMENTOS ADICIONALES (KOHA) | |
| Sistema de clasificación | Dewey Decimal Classification |
| Tipo de ítem | Libro |
| Withdrawn status | Lost status | Sistema de Clasificación | Damaged status | No para préstamo | Colección | Inventariado | Ubicación Permanente | Ubicación actual | Fecha de adquisición | Fuente de Valor | Valor | Total Checkouts | Número topográfico | Inventario / Código de Barras | Date last seen | Ejemplar | Price effective from | Forma de adquisición | Tipo de material |
|---|---|---|---|---|---|---|---|---|---|---|---|---|---|---|---|---|---|---|---|
| Dewey Decimal Classification | General | Inventariado 2017 | Bogotá | Bogotá | 12/06/2002 | Instituto | 39000.00 | LB-910.285 M68e | 005001 | 04/12/2012 | Ej. 1 | 04/12/2012 | Compra | Libro |